00345pab a2200133 454500008004000000100002300040245006600063260000900129300001300138362000800151650002400159650001600183773001200199180718b2002 xxu||||| |||| 00| 0 eng d aSundaravadivel, M. aIntermediate technologies for waste water management in India c2002 ap.16-28. aJan aWaste water - India aWaste water aShelter